000 00447nam a2200181 i 4500
001 bg
245 0 0 _aAutoCAD 2000 :
_bpodręcznik użytkownika /
_cAutodesk.
260 _bAutodesk,
_c1999.
300 _aXXXII, 976 s. :
_bil. ;
_c24 cm.
504 _aIndeks.
650 9 _aAutoCAD
655 _aPodręczniki
040 _cBPK
041 1 _apl
_hen
080 _a004.42:004.92](07)
942 _cKS
008 s pl f |000 0 pol
999 _c42234
_d42234
856 _uhttp://koha.tu.koszalin.pl/cgi-bin/koha/opac-detail.pl?biblionumber=42234
_yKatalog online BPK